000 00912nam a22002417a 4500
005 20170816114306.0
010 _aBAC-CH25
020 _a9780141346816
_c350.00
035 _aB-560042-075
035 _aG-003189
035 _aB-665025
037 _bBlue Berry/Ven
_adpl
082 _aS
100 _aRiordan, Rick
245 _aPercy Jackson :
_cby Rick Riordan
_band the titan's curse /
260 _aNew Delhi
_bPuffin Books
_c2013
270 _a11 Community Centre, Panchsheel Park
_bNew Delhi
_e10017 (India)
300 _a291p.
_c20cm(pbk)
942 _2ddc
_cCH
_mRIO
_hS
999 _c85690
_d85690